Expand shortcuts - Statistics

General Stats
  • This quiz has been taken 8 times
  • The average score is 9 of 15
Answer Stats
Hint Answer % Correct
AI Artificial Intelligence
100%
BTW By The Way
100%
DIY Do It Yourself
100%
BMI Body Mass Index
86%
RAM Random Access Memory
86%
HTML HyperText Markup Language
57%
STEM Science, Technology, Engineering, Mathematics
57%
WHO World Health Organization
57%
GPS Global Positioning System
43%
NASA National Aeronautics and Space Administration
43%
USB Universal Serial Bus
43%
B2B Business to Business
29%
HTTP HyperText Transfer Protocol
29%
PDF Portable Document Format
29%
OPEC Organization of the Petroleum Exporting Countries
0%
No matching quizzes found
Score Distribution
Percent of People with Each Score
Percentile by Number Answered
Your Score History
You have not taken this quiz